[Event "Challenge"]
[Site "http://www.queenalice.com/game.php?id=1833084"]
[Date "2024.3.9"]
[Round "-"]
[White "giobonatto"]
[Black "bonow"]
[Result "1-0"]
[WhiteElo "2164"]
[BlackElo "2277"]

1. g4 d5 2. c3 e5 3. Bg2 Nf6 4. g5 Nfd7 5. Bxd5 c6 6. Bb3 Nc5 7. h4 Nxb3 8. axb3
h6 9. d4 hxg5 10. Bxg5 f6 11. Qc2 fxg5 12. Qg6+ Kd7 13. Nf3 exd4 14. Nxg5 Qe8
15. Nf7 Rh6 16. Qf5+ Kc7 17. Qf4+ Kd7 18. Qxd4+ Kc7 19. Nxh6 Nd7 20. Nf5 Nb6 21.
Nxg7 Bxg7 22. Qxg7+ Bd7 23. h5 Qh8 24. h6 Qxg7 25. hxg7 Be6 26. Rg1 Bxb3 27. Nd2
Bd5 28. Ra5 Nc4 29. Rxd5 cxd5 30. f4 Rg8 31. f5 Kd7 32. e4 Nxd2 33. Kxd2 dxe4
34. Ke3 Ke7 35. Kxe4 Kf6 36. Rg6+ Kf7 37. Kd5 Rxg7 38. Kd6 Rxg6+ 39. fxg6+ Kxg6
40. b4 Kf6 41. c4 Kf7 42. Kc7 Ke6 43. c5 Kd5 44. Kxb7 Kc4 45. c6 Kxb4 46. c7 a5
47. c8=Q a4 48. Kb6 a3 49. Qc5+ Kb3 50. Kb5 a2 51. Qd5+ Kb2 52. Kc4 a1=Q 53.
Qd2+ Ka3 54. Qb4+ 1-0

[Event "Challenge"]
[Site "http://www.queenalice.com/game.php?id=1833085"]
[Date "2024.3.9"]
[Round "-"]
[White "bonow"]
[Black "giobonatto"]
[Result "0-1"]
[WhiteElo "2262"]
[BlackElo "2179"]

1. Nf3 g6 2. c4 Nh6 3. d4 Bg7 4. Nc3 d6 5. e4 c5 6. d5 a6 7. Be2 Bg4 8. O-O Nd7
9. Bf4 Qc7 10. Qd2 Bxf3 11. Bxf3 Ng8 12. Rfe1 Bd4 13. Ne2 Be5 14. Be3 h5 15. h3
Ngf6 16. Rad1 b5 17. b3 Nh7 18. Nf4 b4 19. Ra1 Ng5 20. Qe2 Nxf3+ 21. Qxf3 Bc3
22. Nd3 a5 23. Rab1 a4 24. Re2 Ne5 25. Nxe5 dxe5 26. Bg5 axb3 27. axb3 Qd6 28.
Rc2 f6 29. Be3 Kf7 30. Rd1 Ra3 31. Bd2 Bd4 32. Be3 Rxb3 33. Ra2 Rb8 34. Qe2 Ra3
35. Bxd4 Rxa2 36. Qxa2 b3 37. Qb1 cxd4 38. Qd3 b2 39. h4 Qb6 40. Rb1 Qb4 41. Kf1
Qc3 42. Ke2 Qc1 43. Qd1 d3+ 44. Ke1 d2+ 45. Ke2 Qxc4+ 46. Kxd2 Qd4+ 47. Kc2 Rc8+
48. Kb3 Rc3+ 49. Kxb2 Rd3+ 0-1

[Event "AUTO-ELITE-2527"]
[Site "http://www.queenalice.com/game.php?id=1833195"]
[Date "2024.3.11"]
[Round "1"]
[White "raulzampronha"]
[Black "bonow"]
[Result "1-0"]
[WhiteElo "2302"]
[BlackElo "2210"]

1. d4 d5 2. c4 e6 3. Nf3 Nf6 4. Nc3 Bb4 5. cxd5 Nxd5 6. Qc2 Nc6 7. e4 Nxc3 8.
bxc3 Be7 9. Bd3 f6 10. O-O O-O 11. Re1 a6 12. a4 a5 13. Bc4 Kh8 14. Qb3 Qd7 15.
Bd2 Bd6 16. Rad1 Nd8 17. e5 fxe5 18. Nxe5 Bxe5 19. Rxe5 b6 20. Bg5 Nf7 21. Bxe6
Nxe5 22. Bxd7 Nxd7 23. Re1 Bb7 24. h3 h6 25. Re7 hxg5 26. Rxd7 Rac8 27. Qd1 Bc6
28. Re7 Rfe8 29. Qh5+ Kg8 30. Qxg5 Rxe7 31. Qxe7 Bxa4 32. Qe6+ 1-0

[Event "AUTO-ELITE-2527"]
[Site "http://www.queenalice.com/game.php?id=1833196"]
[Date "2024.3.11"]
[Round "1"]
[White "bonow"]
[Black "raulzampronha"]
[Result "1/2-1/2"]
[WhiteElo "2242"]
[BlackElo "2361"]

1. e4 c5 2. Nf3 Nc6 3. d4 cxd4 4. Nxd4 Nf6 5. Nc3 d6 6. Bb5 Bd7 7. O-O e6 8. Bg5
Be7 9. Qd3 O-O 10. Rfd1 Qc7 11. Bxf6 gxf6 12. Nce2 Nxd4 13. Nxd4 a6 14. Bxd7
Qxd7 15. c4 Rac8 16. Rac1 Kh8 17. Nf3 Qc7 18. b3 Rg8 19. h3 Rg7 20. g3 Qc5 21.
Kf1 Rgg8 22. Kg2 Rc7 1/2-1/2

[Event "AUTO-ELITE-2527"]
[Site "http://www.queenalice.com/game.php?id=1833201"]
[Date "2024.3.11"]
[Round "1"]
[White "josekasparov"]
[Black "bonow"]
[Result "1-0"]
[WhiteElo "2540"]
[BlackElo "2245"]

1. e4 c5 2. Nf3 d6 3. d4 cxd4 4. Qxd4 Nc6 5. Bb5 Bd7 6. Bxc6 Bxc6 7. Nc3 Nf6 8.
Bg5 e5 9. Qd3 Be7 10. O-O-O O-O 11. Bxf6 Bxf6 12. Qxd6 Qxd6 13. Rxd6 Rad8 14.
Rhd1 Rxd6 15. Rxd6 Rd8 16. Rxd8+ Bxd8 17. Nxe5 Be8 18. Nd5 Kf8 19. Kd2 f6 20.
Nd3 Bc6 21. c4 Kf7 22. Kc3 Ke6 23. f3 Kd6 24. Kd4 b6 25. b4 a5 26. Nxb6 Bxb6+
27. c5+ Bxc5+ 28. bxc5+ Ke6 29. f4 f5 30. exf5+ Kxf5 31. g4+ Kxg4 32. Ne5+ Kxf4
33. Nxc6 a4 34. Ne7 g5 35. c6 g4 36. c7 1-0

[Event "AUTO-ELITE-2527"]
[Site "http://www.queenalice.com/game.php?id=1833202"]
[Date "2024.3.11"]
[Round "1"]
[White "bonow"]
[Black "josekasparov"]
[Result "0-1"]
[WhiteElo "2248"]
[BlackElo "2535"]

1. e4 c5 2. Nf3 d6 3. d4 cxd4 4. Nxd4 Nf6 5. Nc3 g6 6. Bg5 Bg7 7. Bc4 Nc6 8. O-O
O-O 9. Nf3 Bg4 10. Qd3 Rc8 11. Bb3 Qa5 12. Bd2 Qh5 13. Ne2 Ne5 14. Nf4 Nxd3 15.
cxd3 Qb5 16. Rfe1 Bxf3 17. gxf3 Nh5 18. Rab1 Qg5+ 19. Kh1 Nxf4 20. Rg1 Qh5 21.
Rg4 Nxd3 22. Be3 Be5 23. h4 Bf6 24. Kg2 b6 25. Rd1 Nxb2 26. Rd2 Nc4 27. Bxc4
Rxc4 28. Rd4 Rxd4 29. Bxd4 Bxd4 30. a3 Rc8 31. a4 Rc2 32. Kf1 Rxf2+ 0-1

[Event "AUTO-OPEN-4515"]
[Site "http://www.queenalice.com/game.php?id=1833241"]
[Date "2024.3.12"]
[Round "1"]
[White "bdpq"]
[Black "bonow"]
[Result "0-1"]
[WhiteElo "1613"]
[BlackElo "2246"]

1. e4 c5 2. d4 cxd4 3. Qxd4 Nc6 4. Qd1 e5 5. f3 Bc5 6. b3 Nge7 7. Bb5 a6 8. Bxc6
Nxc6 9. Ne2 O-O 10. Nbc3 d6 11. Nd5 Be6 12. Bb2 h6 13. Qd3 Nb4 14. Qd1 Nxd5 15.
exd5 Bf5 16. Qd2 a5 17. O-O-O b5 18. Ng3 Bg6 19. f4 f6 20. fxe5 fxe5 21. Qe2 Qb6
22. Ne4 Be3+ 23. Kb1 Rf4 24. Nxd6 Rf2 25. Qg4 Bxc2+ 26. Ka1 Bxd1 27. Rxd1 Qxd6
28. Qg3 Bb6 29. Bxe5 Qd7 30. Qg6 Bc5 31. g4 Rc8 32. h4 Bf8 33. Qd3 Rcc2 34. Kb1
Rxa2 35. Bd4 Rab2+ 36. Bxb2 Qxg4 37. Bd4 Rh2 38. Rd2 Qxh4 39. Kc2 Bb4 40. Re2
Rxe2+ 41. Qxe2 Qxd4 42. Qxb5 Qf2+ 43. Kd1 Qe1+ 44. Kc2 Qc3+ 45. Kb1 Qxb3+ 46.
Kc1 Qe3+ 47. Kc2 Qc3+ 48. Kb1 Qb3+ 49. Kc1 Ba3+ 0-1

[Event "AUTO-OPEN-4515"]
[Site "http://www.queenalice.com/game.php?id=1833242"]
[Date "2024.3.12"]
[Round "1"]
[White "bonow"]
[Black "bdpq"]
[Result "0-1"]
[WhiteElo "2201"]
[BlackElo "1680"]

1. e4 d5 2. exd5 Qxd5 3. Nc3 Qd8 4. Nf3 e6 5. d4 Bb4 6. Bd2 Nf6 7. Bd3 O-O 8.
O-O Nd5 9. Ne5 Nd7 10. Re1 Nxc3 11. Bxc3 Bxc3 12. bxc3 f6 13. Ng4 f5 14. Ne5
Nxe5 15. dxe5 b6 16. f4 a6 17. a4 Bb7 18. h3 Qd5 19. Qe2 Qc6 20. c4 Rfd8 21. g3
Qh1+ 22. Kf2 Qg2+ 23. Ke3 Qxg3+ 24. Kd2 Qxf4+ 25. Qe3 Qh4 26. Kc1 Qh6 27. Qxh6
gxh6 28. a5 bxa5 29. Rxa5 Kf7 30. Kd2 Rd4 31. Kc3 Rd7 32. Rb1 Bf3 33. h4 Kg8 34.
Rf1 Bh5 35. Rfa1 Rg7 36. Rxa6 Rxa6 37. Rxa6 Re7 38. Kd4 Kg7 39. c5 f4 40. Ke4 f3
41. Ke3 Rf7 42. Kf2 Rf4 43. Rxe6 Rxh4 44. Re7+ Kf8 45. Rxc7 Rh2+ 46. Kg3 Rg2+
47. Kf4 f2 48. Ke3 Bd1 49. c3 Bc2 50. Bf1 Rh2 51. e6 Bg6 52. Bb5 h5 53. e7+ Kg8
54. e8=Q+ Bxe8 55. Rc8 Kf7 56. Bxe8+ Kf6 57. Rc7 Ke6 58. Bc6 f1=Q 59. Kd4 Qe2
60. Bd5+ Kf6 61. Rf7+ Kg6 62. c6 Rh4+ 63. Kc5 Qe3+ 64. Kd6 Qxc3 65. c7 Re4 66.
Rd7 Qf6+ 67. Kc5 Qf8+ 68. Kc6 Re8 69. Rf7 Qxf7 70. Bxf7+ Kxf7 71. Kd7 h4 72.
c8=Q Rxc8 73. Kxc8 h3 0-1

[Event "AUTO-OPEN-4515"]
[Site "http://www.queenalice.com/game.php?id=1833267"]
[Date "2024.3.12"]
[Round "1"]
[White "LMP1989"]
[Black "bonow"]
[Result "1-0"]
[WhiteElo "2163"]
[BlackElo "2223"]

1. d4 d5 2. c4 e6 3. Nc3 Nf6 4. cxd5 exd5 5. Bg5 Be7 6. e3 O-O 7. Nf3 Bg4 8. Bd3
Nc6 9. O-O a5 10. h3 Be6 11. a3 Nd7 12. Bxe7 Qxe7 13. Re1 Nb6 14. e4 Qd7 15.
exd5 Bxd5 16. Ne5 Nxe5 17. dxe5 Be6 18. Qf3 Rad8 19. Rad1 Qe7 20. Qxb7 Qc5 21.
Qe4 g6 22. Qf4 Nd5 23. Nxd5 Bxd5 24. Bb1 Qb6 25. Rd2 Bb3 26. Rde2 Bd1 27. Rd2
Bb3 28. Rde2 Bc4 29. Qxc4 Rd7 30. e6 fxe6 31. Rxe6 Qxf2+ 32. Kh1 Rff7 33. Ba2
Kg7 34. Qc3+ Kh6 35. R6e2 Qf6 36. Bxf7 Rxf7 37. Qxf6 Rxf6 38. Rc1 c6 39. Rc5
Rf1+ 40. Kh2 Rf5 41. Rxf5 gxf5 42. Re6+ Kg5 43. Rxc6 h5 44. b4 1-0

[Event "AUTO-OPEN-4515"]
[Site "http://www.queenalice.com/game.php?id=1833268"]
[Date "2024.3.12"]
[Round "1"]
[White "bonow"]
[Black "LMP1989"]
[Result "0-1"]
[WhiteElo "2247"]
[BlackElo "2148"]

1. e4 c5 2. Nf3 e6 3. d4 cxd4 4. Nxd4 a6 5. Nc3 Qc7 6. Be2 Nc6 7. Nf3 Nf6 8. Bg5
Be7 9. Qd2 d6 10. O-O-O h6 11. Bf4 e5 12. Be3 Be6 13. Kb1 O-O 14. Nd5 Bxd5 15.
exd5 Nb8 16. Nxe5 dxe5 17. d6 Bxd6 18. Qxd6 Qxd6 19. Rxd6 Nc6 20. Rhd1 Rfd8 21.
Rxd8+ Rxd8 22. c3 Rxd1+ 23. Bxd1 Nd5 24. Bf3 Nxe3 25. Bxc6 bxc6 26. fxe3 f5 27.
Kc2 Kf7 28. Kd3 Ke7 29. e4 f4 30. Kc4 h5 31. Kd3 g5 32. Ke2 g4 33. b4 a5 34.
bxa5 Kd7 35. Kf2 Kc7 36. Ke2 Kb7 37. h3 g3 38. Kf3 Ka6 39. Ke2 Kxa5 40. c4 Kb4
0-1

[Event "AUTO-OPEN-4515"]
[Site "http://www.queenalice.com/game.php?id=1833283"]
[Date "2024.3.12"]
[Round "1"]
[White "SGF"]
[Black "bonow"]
[Result "0-1"]
[WhiteElo "1665"]
[BlackElo "2276"]

1. e4 c5 2. Qf3 d6 3. d3 e5 4. Be2 Nf6 5. Qg3 Nc6 6. c3 Be7 7. Bf3 O-O 8. Bh6
Ne8 9. h4 Qb6 10. b3 f5 11. Bh5 f4 12. Bxf4 exf4 13. Qf3 Ne5 14. Qe2 Bd7 15. Nd2
Bb5 16. c4 Bc6 17. Ngf3 Nf6 18. Ng5 Bd7 19. a4 Bg4 20. Bxg4 Nfxg4 21. f3 Ne3 22.
Ne6 Rf6 23. Nxf4 Rxf4 24. Qxe3 Raf8 25. g3 R4f7 26. Rf1 Bf6 27. a5 Qb4 28. Ra4
Qc3 29. Ke2 Nc6 30. f4 Nd4+ 31. Kd1 Qc2+ 32. Ke1 Qc1+ 33. Kf2 Qc2 34. e5 dxe5
35. f5 Nxb3 36. Qe2 Nxd2 37. Raa1 e4 38. Rac1 Qb2 39. Rfd1 Bd4+ 40. Kg2 Rxf5 41.
Kh3 h6 42. Qxd2 Rf2 43. Qxb2 Bxb2 44. Rb1 e3 45. Re1 Bd4 46. Rxb7 e2 47. Re7 a6
48. R7xe2 R8f7 49. h5 R2f5 50. g4 Rf3+ 51. Kg2 R3f4 52. Kh3 Rf3+ 53. Kh2 Rf2+
54. Rxf2 Bxf2 55. Re8+ Rf8 56. Re6 Rf6 57. Rxf6 gxf6 58. Kg2 Bd4 59. Kf3 Bc3 60.
Ke4 Bxa5 61. Kd5 Bb4 62. Kc6 a5 63. Kb5 Kg7 64. Kc6 a4 65. Kb5 a3 66. d4 a2 67.
Ka4 a1=Q+ 68. Kb5 Qa5+ 69. Kc6 cxd4 70. Kb7 d3 71. Kc8 Bc5 72. Kd7 d2 73. g5
d1=Q+ 74. Kc6 fxg5 75. Kb7 Qd7+ 76. Kb8 Qdc7# 0-1

[Event "AUTO-OPEN-4515"]
[Site "http://www.queenalice.com/game.php?id=1833284"]
[Date "2024.3.12"]
[Round "1"]
[White "bonow"]
[Black "SGF"]
[Result "0-1"]
[WhiteElo "2292"]
[BlackElo "1628"]

1. e4 e5 2. Nf3 Qf6 3. c3 d6 4. d4 Be7 5. Be3 Qg6 6. Nbd2 Bg4 7. Be2 h6 8. dxe5
Nc6 9. exd6 cxd6 10. O-O h5 11. h3 Bxf3 12. Bxf3 Ne5 13. Be2 Nf6 14. Bd4 a5 15.
Nc4 Nxc4 16. Bxc4 Nxe4 17. Bb5+ Kf8 18. Qf3 d5 19. Bd3 a4 20. Rfe1 f5 21. Re3
Kg8 22. a3 Bd6 23. Qe2 Ng5 24. Re1 Kh7 25. Qc2 Ne4 26. f3 Ng3 27. Be5 Bc5 28.
Bxg3 Qxg3 29. Bxf5+ g6 30. Bxg6+ Qxg6 31. Qd2 Rhe8 32. Kf1 Bxe3 33. Rxe3 Qb1+
34. Re1 Rxe1+ 35. Qxe1 Qxe1+ 36. Kxe1 Rc8 37. Kd2 b5 38. Kd3 Rc4 39. Kc2 Kg6 40.
g4 h4 41. b3 axb3+ 42. Kxb3 Rf4 43. Kc2 Rxf3 44. Kb3 Rxh3 45. Kc2 Rg3 46. Kd2 h3
47. Ke2 h2 48. Kf2 Rxg4 49. a4 bxa4 50. c4 dxc4 51. Kf3 Kg5 52. Kf2 h1=Q 53. Ke2
Qh2+ 54. Ke3 Qh3+ 55. Kd2 Rg2+ 0-1

[Event "Challenge"]
[Site "http://www.queenalice.com/game.php?id=1833388"]
[Date "2024.3.13"]
[Round "-"]
[White "jpribeiro"]
[Black "bonow"]
[Result "0-1"]
[WhiteElo "2003"]
[BlackElo "2160"]

1. e4 c6 2. d4 g6 3. Nc3 d5 4. e5 e6 5. f4 Bg7 6. Nf3 f6 7. g4 f5 8. gxf5 Nh6 9.
fxg6 hxg6 10. Bd3 Nf5 11. Bxf5 gxf5 12. O-O b6 13. Qe1 O-O 0-1

[Event "Challenge"]
[Site "http://www.queenalice.com/game.php?id=1834760"]
[Date "2024.4.8"]
[Round "-"]
[White "giobonatto"]
[Black "bonow"]
[Result "1/2-1/2"]
[WhiteElo "2251"]
[BlackElo "2209"]

1. e4 c5 2. e5 e6 3. b3 d6 4. Bb5+ Bd7 5. Bxd7+ Qxd7 6. exd6 Bxd6 7. Bb2 Nf6 8.
Nc3 O-O 9. d3 Qc6 10. Qf3 Rc8 11. Qxc6 Rxc6 12. Nf3 Nbd7 13. g3 h6 14. Nd2 Be5
15. f4 Bd4 16. Nf3 Rac8 17. Kd2 b5 18. a4 b4 19. Nd1 Bxb2 20. Nxb2 Rd8 21. Nc4
Nb6 22. Nfe5 Rcc8 23. Nxb6 axb6 24. Rhe1 Ra8 25. Nc4 Nd5 26. a5 bxa5 27. Rxa5
Rxa5 28. Nxa5 Rd7 29. Nc4 Ra7 30. Re5 Ra1 31. Re1 Rxe1 32. Kxe1 Kf8 33. d4 cxd4
34. Ke2 f6 35. Kd3 g5 36. Kxd4 gxf4 37. gxf4 Nxf4 38. Ne3 Ke7 39. Kc5 f5 40.
Kxb4 Nd5+ 41. Nxd5+ exd5 42. Kc5 f4 43. Kd4 f3 44. Ke3 Kd6 45. h4 f2 46. Ke2 Kc5
47. c3 Kb5 1/2-1/2

[Event "Challenge"]
[Site "http://www.queenalice.com/game.php?id=1834761"]
[Date "2024.4.8"]
[Round "-"]
[White "bonow"]
[Black "giobonatto"]
[Result "1/2-1/2"]
[WhiteElo "2247"]
[BlackElo "2239"]

1. e4 e5 2. Nf3 Nc6 3. Bc4 Bc5 4. O-O h6 5. Nc3 a6 6. d4 exd4 7. Ne2 b5 8. Bd5
Nf6 9. Nexd4 Bxd4 10. Nxd4 Nxd5 11. exd5 Nxd4 12. Qxd4 Qf6 13. Qxf6 gxf6 14.
Re1+ Kf8 15. Bf4 Bb7 16. d6 cxd6 17. Bxd6+ Kg7 18. h3 Rae8 19. Rad1 Rxe1+ 20.
Rxe1 Rc8 21. c3 a5 22. Re7 a4 23. Rxd7 Bc6 24. Rc7 Rxc7 25. Bxc7 Kg6 26. f3 Kg5
27. Kf2 Bd5 28. a3 f5 29. Kg3 f6 30. Bf4+ Kg6 31. Kf2 Bc4 32. g3 h5 1/2-1/2

[Event "AUTO-OPEN-4523"]
[Site "http://www.queenalice.com/game.php?id=1835578"]
[Date "2024.4.24"]
[Round "1"]
[White "fbenevides2019"]
[Black "bonow"]
[Result "0-1"]
[WhiteElo "1211"]
[BlackElo "2178"]

1. e4 c5 2. Nc3 d6 3. h3 e6 4. Nf3 Nc6 5. Bb5 Bd7 6. Bxc6 Bxc6 7. O-O Nf6 8. d3
Be7 9. Qd2 O-O 10. a4 a6 11. b3 b5 12. axb5 axb5 13. Rxa8 Qxa8 14. Qd1 b4 15.
Ne2 Nd7 16. Bf4 f5 17. Ng5 e5 18. Bd2 fxe4 19. dxe4 Bxe4 20. Nxe4 Qxe4 21. Ng3
Qg6 22. Be3 Nb6 23. Qe2 Bh4 24. Qd3 Qxd3 25. cxd3 Bxg3 26. fxg3 Nd5 27. Rxf8+
Kxf8 28. Kf2 Nxe3 29. Kxe3 Kf7 30. Ke4 Kf6 31. g4 Ke6 32. h4 d5+ 33. Ke3 Kf6 34.
g3 Kg6 35. Kf3 h5 36. gxh5+ Kxh5 37. Ke3 Kg4 38. Kf2 c4 39. Ke2 cxb3 40. Kd2
Kxg3 41. Kc1 Kxh4 42. Kb2 g5 43. Kxb3 g4 44. Kxb4 g3 45. Kc5 g2 46. Kxd5 g1=Q
47. Kxe5 Qc5+ 48. Ke4 Qc6+ 49. Ke5 Qc3+ 50. d4 Kg4 51. Kd5 Kf4 0-1

[Event "AUTO-OPEN-4523"]
[Site "http://www.queenalice.com/game.php?id=1835579"]
[Date "2024.4.24"]
[Round "1"]
[White "bonow"]
[Black "fbenevides2019"]
[Result "1-0"]
[WhiteElo "2171"]
[BlackElo "1243"]

1. e4 Nc6 2. d4 e5 3. d5 Nce7 4. f4 exf4 5. Bxf4 Nf6 6. Nc3 a6 7. Nf3 d6 8. Bd3
Bg4 9. O-O Bxf3 10. Qxf3 Qd7 11. a4 Qg4 12. Be2 Qxf3 13. Rxf3 h6 14. b4 Nc8 15.
b5 Be7 16. bxa6 bxa6 17. Rb1 O-O 18. Rg3 g5 19. h4 Nh7 20. hxg5 Bxg5 21. Rb7 Ra7
22. Rxa7 Nxa7 23. Be3 Nc8 24. Bxa6 f6 25. Nb5 Nb6 26. Nxc7 Nxa4 27. Ne6 Rb8 28.
Nxg5 fxg5 29. Bf1 Nc3 30. Ba7 Rb1 31. Rxc3 Nf6 32. Bd4 Nxe4 33. Re3 Nd2 34. Rf3
Nxf3+ 35. gxf3 Kf7 36. Kg2 Re1 37. Bd3 Rb1 38. Kg3 Rh1 39. Kg2 Rh4 40. Bf2 Ra4
41. Kg3 Kg7 42. Be3 Ra5 43. Be4 Ra8 44. Kg4 Re8 45. Bd4+ Kf7 46. Kh5 Rg8 47. Bf5
g4 48. fxg4 Ra8 49. Kxh6 Ra2 50. g5 Ra3 51. g6+ Ke7 52. g7 Ra8 53. Bg6 Rg8 54.
Kh7 Rxg7+ 55. Bxg7 Kd7 56. Bf8 Kc7 57. Kg7 Kd8 58. Kf7 Kd7 59. Bd3 Kd8 60. Bxd6
Kd7 61. Ba3 Kd8 62. Ke6 Ke8 63. d6 Kd8 64. c4 Kc8 65. c5 Kd8 66. Be4 Kc8 67. Ke7
Kb8 68. d7 Ka7 69. d8=Q Ka6 70. Qb6# 1-0

[Event "AUTO-OPEN-4523"]
[Site "http://www.queenalice.com/game.php?id=1835606"]
[Date "2024.4.24"]
[Round "1"]
[White "Rafale2000"]
[Black "bonow"]
[Result "1-0"]
[WhiteElo "2040"]
[BlackElo "2187"]

1. e3 e5 2. d4 e4 3. c4 d5 4. Nc3 Nf6 5. Qb3 Nc6 6. cxd5 Nb4 7. Bc4 Bd6 8. a3
Nd3+ 9. Bxd3 exd3 10. Qb5+ Bd7 11. Qxd3 O-O 12. Nf3 g6 13. O-O c6 14. e4 Ng4 15.
h3 cxd5 16. hxg4 dxe4 17. Nxe4 Bxg4 18. Bh6 Re8 19. Bg5 Be7 20. Bxe7 Qxe7 21.
Rfe1 Bf5 22. Nfd2 Qd7 23. Nf6+ Kg7 24. Nde4 Qe7 25. Nxe8+ Rxe8 26. f3 Rd8 27.
Qc4 h6 28. Nc5 Qf6 29. Re5 b6 30. Ne4 Qh4 31. Rd1 Rc8 32. Qe2 Re8 33. Rxe8 1-0

[Event "AUTO-OPEN-4523"]
[Site "http://www.queenalice.com/game.php?id=1835607"]
[Date "2024.4.24"]
[Round "1"]
[White "bonow"]
[Black "Rafale2000"]
[Result "1-0"]
[WhiteElo "2179"]
[BlackElo "2033"]

1. e4 Nf6 2. e5 Nd5 3. c4 Nb6 4. c5 Nd5 5. d4 d6 6. f4 e6 7. Nf3 dxc5 8. Nc3
cxd4 9. Nxd4 Bb4 10. Bd2 c5 11. Nf3 O-O 12. Bc4 Bxc3 13. bxc3 a5 14. Qc2 f6 15.
O-O Bd7 16. Rab1 b6 17. Rb3 a4 18. Rbb1 Bc6 19. Rfd1 fxe5 20. Ng5 Rf5 21. Nxe6
Qf6 22. Nc7 Qd6 23. Nxd5 Bxd5 24. Bxd5+ Rf7 25. Bxa8 Nd7 26. Bc1 Qb8 27. Bd5
exf4 28. Bxf7+ Kxf7 29. Qf5+ Nf6 30. Bxf4 1-0

[Event "AUTO-OPEN-4523"]
[Site "http://www.queenalice.com/game.php?id=1835624"]
[Date "2024.4.24"]
[Round "1"]
[White "chessman"]
[Black "bonow"]
[Result "1-0"]
[WhiteElo "2005"]
[BlackElo "2178"]

1. e4 e5 2. Nf3 Nc6 3. Bb5 Nf6 4. O-O Be7 5. Re1 O-O 6. Qe2 d6 7. Bxc6 bxc6 8.
h3 Bb7 9. d4 c5 10. dxe5 Nd7 11. exd6 cxd6 12. Nc3 Re8 13. a3 Bf6 14. Bf4 Bxc3
15. bxc3 Rxe4 16. Qd2 Ne5 17. Nxe5 dxe5 18. Rxe4 Qxd2 19. Bxd2 Bxe4 20. Rc1 Rd8
21. Be3 Rd5 22. f3 Bf5 23. c4 Rd8 24. Bxc5 a6 25. Bb6 Rb8 26. c5 f6 27. a4 e4
28. fxe4 Bxe4 29. a5 Kf7 30. c3 h6 31. Rd1 Kg6 32. Kf2 Kf5 33. Rd7 g5 34. g4+
Kf4 35. Bc7# 1-0

[Event "AUTO-OPEN-4523"]
[Site "http://www.queenalice.com/game.php?id=1835625"]
[Date "2024.4.24"]
[Round "1"]
[White "bonow"]
[Black "chessman"]
[Result "1-0"]
[WhiteElo "2172"]
[BlackElo "1977"]

1. e4 e6 2. d4 d5 3. e5 c5 4. c3 cxd4 5. cxd4 Nc6 6. Nf3 Bd7 7. Nc3 Qb6 8. b3
Bb4 9. Bb2 Nge7 10. Be2 Nf5 11. O-O Nfxd4 12. Nxd4 Qxd4 13. Qxd4 Nxd4 14. Bh5
Nc6 15. f4 O-O 16. Rad1 Be7 17. Ne4 Rfd8 18. Nd6 Bxd6 19. exd6 g6 20. Bf3 a6 21.
Bf6 Re8 22. Rc1 Rac8 23. Be2 Nb4 24. a3 Nc6 25. Rfd1 e5 26. fxe5 Nxe5 27. Rxc8
Rxc8 28. Bxe5 Be6 29. Bf3 Kf8 30. Bxd5 1-0

[Event "Challenge"]
[Site "http://www.queenalice.com/game.php?id=1835998"]
[Date "2024.4.30"]
[Round "-"]
[White "bonow"]
[Black "giobonatto"]
[Result "0-1"]
[WhiteElo "2161"]
[BlackElo "2277"]

1. c4 c5 2. Nf3 Nf6 3. Nc3 Nc6 4. d4 d5 5. cxd5 Nxd5 6. e4 Nxc3 7. bxc3 cxd4 8.
cxd4 e6 9. Bc4 b5 10. Be2 Qa5+ 11. Bd2 Bb4 12. Bxb4 Qxb4+ 13. Qd2 Ke7 14. Qxb4+
Nxb4 15. O-O Bb7 16. Rab1 Nxa2 17. Rxb5 Ba6 18. Rb2 Bxe2 19. Rxe2 Nc3 20. Re3
Rhc8 21. Kh1 a5 22. Rc1 Na2 23. Ra1 Rc1+ 24. Rxc1 Nxc1 25. Kg1 a4 26. Ra3 Nb3
27. Kf1 Kd6 28. Ke2 Kc6 29. Kd3 Kb5 30. Ne1 g5 31. Nc2 Rc8 32. f3 f6 33. g3 h5
34. h3 e5 35. dxe5 Nc1+ 36. Kd2 Nb3+ 37. Kd1 Rd8+ 38. Ke2 Rd2+ 39. Ke3 Rxc2 40.
h4 Kb4 41. exf6 Kxa3 42. e5 Rc3+ 43. Ke4 gxh4 44. gxh4 Nd2+ 45. Kf5 Kb3 46. f7
a3 47. f8=Q Rxf3+ 48. Kg5 Ne4+ 49. Kxh5 Rxf8 50. Kg6 a2 0-1